| 000 | 01051cam a2200265 a 4500 | ||
|---|---|---|---|
| 001 | 728342 | ||
| 005 | 19990517145826.9 | ||
| 008 | 981001s1999 nyua 000 0 eng | ||
| 010 | _a 98046748 | ||
| 020 | _a0786884592 | ||
| 020 | _a9780786884599 | ||
| 040 |
_aDLC _cDLC _dDLC |
||
| 050 | 0 | 0 |
_aBF637.C4 _bM34 1999 |
| 082 | 0 | 0 |
_a158 _222 _bMCG |
| 100 | 1 |
_aMcGraw, Phillip C., _d1950- _925530 |
|
| 245 | 1 | 0 |
_aLife Strategies : _bDoing What Works, Doing What Matters / _cPhillip C. McGraw. |
| 260 |
_aNew York : _bHyperion Books, 1999 _cc1999. |
||
| 300 |
_axiii,304 p. : _bill. ; _c25 cm. |
||
| 650 | 0 |
_aChange (Psychology) _925531 |
|
| 650 | 0 |
_aSuccess _xPsychological aspects. _925532 |
|
| 653 |
_bGeneral _cJune2011 _bENG _cJune2011 _dBestSellers |
||
| 942 |
_2ddc _cBB |
||
| 999 |
_c15633 _d15633 |
||